El Desarrollo rural integrado : con una selección de lecturas / Miren Etxezarreta con una selección de lecturas / Miren Etxezarreta
ISBN:
84-7479-652-0
Publicado:
Madrid :
Ministerio de Agricultura, Pesca y Alimentación. Secretaría General Técnica ,
1988
Descripción Física:
436 p. ; 20 cm
Colección:
Estudios ; 50
Otros Autores:
Espanya. Ministerio de Agricultura, Pesca y Alimentación
Materias:
Agricultura
MARC
| LEADER | 00000nam a2200000Ia 4500 | ||
|---|---|---|---|
| 001 | 10089 | ||
| 008 | 160829s1988 xx 000 0 cat d | ||
| 020 | |a 84-7479-652-0 | ||
| 080 | |a C-1-363 | ||
| 100 | |a Etxezarreta, Miren |9 24521 | ||
| 245 | |a El Desarrollo rural integrado : |b con una selección de lecturas / Miren Etxezarreta | ||
| 260 | |a Madrid : |b Ministerio de Agricultura, Pesca y Alimentación. Secretaría General Técnica, |c 1988 | ||
| 300 | |a 436 p. ; |c 20 cm | ||
| 490 | |a Estudios ; 50 | ||
| 650 | |a Agricultura |9 24522 | ||
| 700 | |a Espanya. Ministerio de Agricultura, Pesca y Alimentación |9 24523 | ||
| 901 | |a Arxiu | ||
| 942 | |n 1 | ||
| 952 | |0 0 |1 0 |4 0 |6 C1363 |7 1 |9 43193 |a Arxiu |b Arxiu |d 2016-12-01 |l 0 |o C-1-363 |p 10089 |r 2016-12-01 00:00:00 |w 2016-12-01 |y ARXIU | ||
| 999 | |c 45737 |d 45737 | ||